01093nam a2200181Ia 4500999001500000008004100015082001600056100001300072245009800085260002900183300000800212650004600220942001500266952015900281952016400440952014800604952015900752 c8200d8200191201s2019 xx 000 0 und d a612.015 RAB aRAJE, VN 0aBiochemistry and clinical pathology for 1st Year Diploma in pharmacy (0808) Strictly based on bCBS pubaNew Delhic2019 a179 aApplied Biochemistry & Clinical Chemistry 2ddccBK01 00102ddc40708DPaPIETbPIETd2019-03-25eKirti Prakashang220.00kIN 3049l7o572.3 RABpDP22r2025-05-28 00:00:00s2025-05-16v141.90w2019-03-08yBK 00102ddc40708DPaPIETbPIETcR05d2019-03-25eKirti Prakashang220.00kIN 3049l6o572.3 RABpDP23r2024-12-09 00:00:00s2024-11-25v141.90w2019-03-08yBK 00102ddc40708DPaPIETbPIETd2019-03-25eKirti Prakashang220.00kIN 3049l0o572.3 RABpDP24r2019-12-04 00:00:00v141.90w2019-03-08yREF 00102ddc40708DPaPIETbPIETd2019-03-25eKirti Prakashang220.00kIN 3049l9o572.3 RABpDP25r2025-06-19 00:00:00s2025-06-13v141.90w2019-03-08yBK